000 00434nam a22001577a 4500
008 150624b xxu||||| |||| 00| 0 eng d
020 _a
041 0 _aeng
080 _a338
245 _aBusiness Classics: Fifteen Key Concepts for Managerial Success /
_cHarvard Business Review.
260 _aU.S.A.:
_bHarvard College;
_c1991.
300 _a181 f.:
_bme il.;
_c25 cm.
650 0 _aBiznes
650 0 _aOrganizim
942 _2udc
_cBK
999 _c1072
_d1072